1994 NFL Pro Bowlers - Statistics

General Stats
  • This quiz has been taken 7 times
  • The average score is 19 of 94
Answer Stats
Position/Conference Answer Team % Correct
AFC Defensive End Bruce Smith Buffalo Bills
100%
AFC Quarterback Dan Marino Miami Dolphins
100%
NFC Running Back Emmitt Smith Dallas Cowboys
100%
AFC Quarterback John Elway Denver Broncos
100%
AFC Running Back Marshall Faulk Indianapolis Colts
100%
AFC Defensive End Neil Smith Kansas City Chiefs
100%
NFC Wide Receiver Cris Carter Minnesota Vikings
75%
AFC Quarterback Drew Bledsoe New England Patriots
75%
NFC Wide Receiver Jerry Rice San Francisco 49ers
75%
NFC Defensive End Reggie White Green Bay Packers
75%
AFC Tight End Shannon Sharpe Denver Broncos
75%
NFC Wide Receiver Sterling Sharpe Green Bay Packers
75%
NFC Quarterback Troy Aikman Dallas Cowboys
75%
AFC Wide Receiver Andre Reed Buffalo Bills
50%
NFC Running Back Barry Sanders Detroit Lions
50%
AFC Center Bruce Matthews Houston Oilers
50%
NFC Cornerback Deion Sanders San Francisco 49ers
50%
AFC Linebacker Derrick Thomas Kansas City Chiefs
50%
AFC Linebacker Junior Seau San Diego Chargers
50%
NFC Wide Receiver Michael Irvin Dallas Cowboys
50%
AFC Cornerback Rod Woodson Pittsburgh Steelers
50%
NFC Quarterback Steve Young San Francisco 49ers
50%
AFC Wide Receiver Tim Brown Los Angeles Raiders
50%
AFC Defensive Tackle Cortez Kennedy Seattle Seahawks
25%
AFC Center Dermontti Dawson Pittsburgh Steelers
25%
NFC Cornerback Eric Allen Philadelphia Eagles
25%
NFC Wide Receiver Herman Moore Detroit Lions
25%
AFC Wide Receiver Irving Fryar Miami Dolphins
25%
NFC Running Back Jerome Bettis Los Angeles Rams
25%
AFC Defensive End Leslie O'Neal San Diego Chargers
25%
NFC Offensive Tackle Lomas Brown Detroit Lions
25%
AFC Wide Receiver Rob Moore New York Jets
25%
AFC Safety Steve Atwater Denver Broncos
25%
NFC Cornerback Aeneas Williams Arizona Cardinals
0%
NFC Center Bart Oates San Francisco 49ers
0%
AFC Tight End Ben Coates New England Patriots
0%
NFC Tight End Brent Jones San Francisco 49ers
0%
AFC Offensive Tackle Bruce Armstrong New England Patriots
0%
AFC Linebacker Bryan Cox Miami Dolphins
0%
NFC Linebacker Bryce Paup Green Bay Packers
0%
AFC Safety Carnell Lake Pittsburgh Steelers
0%
NFC Defensive End Charles Haley Dallas Cowboys
0%
AFC Defensive Tackle Chester McGlockton Los Angeles Raiders
0%
NFC Linebacker Chris Spielman Detroit Lions
0%
AFC Running Back Chris Warren Seattle Seahawks
0%
AFC Cornerback Dale Carter Kansas City Chiefs
0%
NFC Defensive Tackle Dana Stubblefield San Francisco 49ers
0%
NFC Safety Darren Woodson Dallas Cowboys
0%
NFC Fullback Daryl Johnston Dallas Cowboys
0%
AFC Offensive Guard Duval Love Pittsburgh Steelers
0%
NFC Special Teamer Elbert Shelley Atlanta Falcons
0%
AFC Tight End Eric Green Pittsburgh Steelers
0%
AFC Returner Eric Metcalf Cleveland Browns
0%
AFC Safety Eric Turner Cleveland Browns
0%
NFC Kicker Fuad Reveiz Minnesota Vikings
0%
AFC Offensive Tackle Gary Zimmerman Denver Broncos
0%
AFC Linebacker Greg Lloyd Pittsburgh Steelers
0%
NFC Linebacker Jack Del Rio Minnesota Vikings
0%
NFC Tight End Jay Novacek Dallas Cowboys
0%
AFC Quarterback Jeff Hostetler Los Angeles Raiders
0%
NFC Offensive Guard Jesse Sapolu San Francisco 49ers
0%
NFC Linebacker Jessie Tuggle Atlanta Falcons
0%
AFC Kicker John Carney San Diego Chargers
0%
NFC Defensive Tackle John Randle Minnesota Vikings
0%
AFC Offensive Guard Keith Sims Miami Dolphins
0%
NFC Linebacker Ken Harvey Washington Redskins
0%
AFC Offensive Guard Kevin Gogan Los Angeles Raiders
0%
AFC Linebacker Kevin Greene Pittsburgh Steelers
0%
NFC Defensive Tackle Leon Lett Dallas Cowboys
0%
AFC Fullback Leroy Hoard Cleveland Browns
0%
NFC Center Mark Stepnoski Dallas Cowboys
0%
NFC Offensive Tackle Mark Tuinei Dallas Cowboys
0%
NFC Returner Mel Gray Detroit Lions
0%
NFC Safety Merton Hanks San Francisco 49ers
0%
AFC Defensive Tackle Michael Dean Perry Cleveland Browns
0%
NFC Offensive Guard Nate Newton Dallas Cowboys
0%
AFC Running Back Natrone Means San Diego Chargers
0%
AFC Linebacker Pepper Johnson Cleveland Browns
0%
NFC Offensive Guard Randall McDaniel Minnesota Vikings
0%
NFC Punter Reggie Roby Washington Redskins
0%
AFC Offensive Tackle Richmond Webb Miami Dolphins
0%
AFC Punter Rick Tuten Seattle Seahawks
0%
NFC Running Back Ricky Watters San Francisco 49ers
0%
AFC Defensive End Rob Burnett Cleveland Browns
0%
NFC Linebacker Seth Joyner Arizona Cardinals
0%
AFC Special Teamer Steve Tasker Buffalo Bills
0%
AFC Offensive Guard Steve Wisniewski Los Angeles Raiders
0%
NFC Wide Receiver Terance Mathis Atlanta Falcons
0%
AFC Cornerback Terry McDaniel Los Angeles Raiders
0%
NFC Safety Tim McDonald San Francisco 49ers
0%
NFC Quarterback Warren Moon Minnesota Vikings
0%
NFC Defensive End Wayne Martin New Orleans Saints
0%
NFC Defensive End William Fuller Philadelphia Eagles
0%
NFC Offensive Tackle Willie Roaf New Orleans Saints
0%
No matching quizzes found
Score Distribution
Percent of People with Each Score
Percentile by Number Answered
Your Score History
You have not taken this quiz